00543 2200193 4500001002100000005001500021035002000036245009100056100002500147250002000172300002700192700002200219260003300241082000800274084001400282020001800296650001000314990002500324INLIS00000000003619120240703033406 a0010-07240001511 aUbah Insecure Jadi Bersyukur :bCara Asyik dalam Menerima Luka /cNurwahiddatur Rohman0 aNurwahiddatur Rohman aCetakan Pertama a186 halaman ;c19,5 cm0 aFitri Ayu Mustika aSemarang :bSyalmahat,c2022 a813 a813 NUR u a9786235269078 4aFiksi a56995/Hibah ASN/2024